U.S States with Native American Reservation-Sudden Death - Statistics

General Stats
  • This quiz has been taken 46 times
  • The average score is 8 of 15
Answers on the Grid
Answers color-coded by a green-red scale on the quiz's grid according to % correct below.
Arizona
New Mexico
New Jersey
California
Alabama
Florida
Oklahoma
Texas
Kansas
Colorado
New York
Pennsylvania
Minnesota
North Dakota
South Dakota
Montana
Louisiana
Mississippi
Georgia
Nebraska
Wyoming
Oregon
Delaware
Washington
 
Answer Stats
Answer % Correct
Arizona
93%
New Mexico
90%
Oklahoma
69%
California
62%
Montana
52%
Wyoming
52%
Colorado
48%
North Dakota
48%
South Dakota
48%
Kansas
45%
Minnesota
41%
Nebraska
41%
Chickasaw Nation and Choctaw Nation
have tiny bits of Northern Texas.
Texas
38%
Oregon
34%
Washington
31%
No matching quizzes found
Score Distribution
Percent of People with Each Score
Percentile by Number Answered
Your Score History
You have not taken this quiz